Ražebné a financování centrální banky
Spojitosti medzi štandardnými finančnými výkazmi centrálnej banky (bilancia a výsledovka) a konceptom tzv. ražobného z ekonomickej literatúry. Empirická aplikácia na ČR.
Gespeichert in:
| 1. Verfasser: | |
|---|---|
| Format: | Buchkapitel |
| Sprache: | Tschechisch |
| Schlagworte: | |
| Tags: |
Keine Tags, Fügen Sie das erste Tag hinzu!
|
MARC
| LEADER | 00000naa a2200000 4500 | ||
|---|---|---|---|
| 001 | r040743 | ||
| 005 | 20231003122317.9 | ||
| 041 | 0 | |a cze | |
| 044 | |a CZ | ||
| 245 | 1 | 0 | |a Ražebné a financování centrální banky |c Tomáš Holub |
| 520 | |a Spojitosti medzi štandardnými finančnými výkazmi centrálnej banky (bilancia a výsledovka) a konceptom tzv. ražobného z ekonomickej literatúry. Empirická aplikácia na ČR. | ||
| 610 | 2 | 0 | |a banky centrálne |
| 610 | 2 | 0 | |a financovanie |
| 610 | 2 | 0 | |a bilancia bežná |
| 610 | 2 | 0 | |a výsledovka |
| 610 | 2 | 0 | |a zásoba peňažná |
| 610 | 2 | 0 | |a multiplikátor |
| 610 | 2 | 0 | |a agregáty menové |
| 610 | 2 | 0 | |a obeživo |
| 610 | 2 | 0 | |a rezervy bankové |
| 610 | 2 | 0 | |a cash flow |
| 610 | 2 | 0 | |a pojmy |
| 610 | 2 | 0 | |a Česko |
| 100 | 1 | |a Holub, Tomáš | |